NCERT Compendium- Indian & World History/ (Record no. 207342)

MARC details
000 -LEADER
fixed length control field 00778nam a22002417a 4500
005 - DATE AND TIME OF LATEST TRANSACTION
control field 20241203114952.0
010 ## - LCCN (DPL NO)
LC control number ENG-142813
020 ## - INTERNATIONAL STANDARD BOOK NUMBER
International Standard Book Number 9789355327598
Terms of availability 890.00
035 ## - SYSTEM CONTROL NUMBER
System control number EN-126345
037 ## - SOURCE OF ACQUISITION
Source of stock number/acquisition DBAD
082 ## - DEWEY DECIMAL CLASSIFICATION NUMBER
Edition number 1
Classification number 307.76
100 ## - MAIN ENTRY--PERSONAL NAME
Personal name Chahal, Sumesh
245 ## - TITLE STATEMENT
Title NCERT Compendium- Indian & World History/
Statement of responsibility, etc By Sumesh Chahal...[et.al]
250 ## - EDITION STATEMENT
Edition statement 1
260 ## - PUBLICATION, DISTRIBUTION, ETC. (IMPRINT)
Place of publication, distribution, etc Chennai
Name of publisher, distributor, etc McGraw Hill
Date of publication, distribution, etc 2024
270 ## - ADDRESS
Address 5/90 A, Butt Road, St. Thomas Mount
City Chennai
Postal code 600016
300 ## - PHYSICAL DESCRIPTION
Extent 605p.
Dimensions 25cm(pb)
Other physical details Index
500 ## - GENERAL NOTE
General note One Stop Solution For UPSE & State-PSCs
700 ## - ADDED ENTRY--PERSONAL NAME
Personal name Pradhan, Animesh
Relator term Author
9 (RLIN) 74557
700 ## - ADDED ENTRY--PERSONAL NAME
Personal name Virupaksh Singh
Relator term Author
9 (RLIN) 74558
700 ## - ADDED ENTRY--PERSONAL NAME
Personal name Jain, Shubham
Relator term Author
9 (RLIN) 74559
942 ## - ADDED ENTRY ELEMENTS (KOHA)
Source of classification or shelving scheme Dewey Decimal Classification
Item type English Books
Classification part 307.76
Call number suffix CHA
Edition 1
Holdings
Withdrawn status Lost status Not for loan Collection code Home library Current library Date acquired Source of acquisition Cost, normal purchase price Full call number Barcode Copy number Cost, replacement price Koha item type
      Non-fiction Central Library Central Library 03/12/2024 Delivery of Books Act Division 890.00 307.76 CHA EN-126345 1 890.00 English Books

© Delhi Public Library
Hit Counter
free hit counter